[Event "2nd 4NCL Spring Bank Holiday Congress"]
[Site "Basingstoke"]
[Date "2019.05.26"]
[Round "5.5"]
[White "Spence, David J"]
[Black "Eggleston, David J"]
[Result "0-1"]
[WhiteElo "2138"]
[BlackElo "2397"]
[PlyCount "138"]
[EventDate "2019.05.24"]

1. e4 e6 2. d4 d5 3. Nc3 Nf6 4. e5 Nfd7 5. f4 c5 6. Nf3 Nc6 7. Be3 Be7 8. Qd2
O-O 9. dxc5 Bxc5 10. O-O-O Qa5 11. Bxc5 Nxc5 12. Nd4 Nxd4 13. Qxd4 Bd7 14. Kb1
Rac8 15. h4 Rfd8 16. Rh3 Ne4 17. Nxe4 dxe4 18. Qxe4 Bc6 19. Qe1 Qxe1 20. Rxe1
Rd2 21. Rd3 Rf2 22. g3 Be4 23. Rde3 Bxc2+ 24. Ka1 h5 25. a3 Bf5 26. Rb3 b6 27.
Ba6 Rcc2 28. Ka2 Rfd2 29. Ree3 Rc1 30. Rbc3 Rb1 31. Rc8+ Kh7 32. Rb3 Be4 33. a4
Bd5 34. Kxb1 Bxb3 35. Bb5 Rg2 36. Kc1 Rxg3 37. Rc7 Rg4 38. Bd3+ Kh6 39. Rxf7
Rxh4 40. Rf8 g6 41. Rf6 Rg4 42. f5 exf5 43. Bxf5 Rg5 44. Bd3 Kg7 45. Rc6 Rxe5
46. Rxg6+ Kf8 47. Rh6 Bxa4 48. Rh8+ Kg7 49. Rh7+ Kf6 50. Rxa7 Be8 51. Kd2 h4
52. Be2 Bg6 53. Ra6 Re6 54. Bc4 Rc6 55. Bb5 Rc2+ 56. Ke3 Rxb2 57. Rxb6+ Kg5 58.
Rb7 Rb3+ 59. Kd4 h3 60. Kc4 h2 61. Kxb3 h1=Q 62. Rc7 Qb1+ 63. Ka4 Qe1 64. Rc5+
Kf4 65. Rc4+ Ke5 66. Rc5+ Kd6 67. Rc6+ Kd5 68. Rc8 Bf5 69. Rd8+ Kc5 0-1

[Event "2nd 4NCL Spring Bank Holiday Congress"]
[Site "Basingstoke"]
[Date "2019.05.26"]
[Round "5.6"]
[White "Ogunshola, Olugbemiga (Ben)"]
[Black "Zakarian, David"]
[Result "1/2-1/2"]
[WhiteElo "2184"]
[BlackElo "2341"]
[PlyCount "49"]
[EventDate "2019.05.24"]

1. c4 Nf6 2. Nf3 e6 3. b3 d5 4. Bb2 c5 5. cxd5 exd5 6. d4 Nc6 7. g3 cxd4 8.
Nxd4 Bb4+ 9. Bc3 Qa5 10. Qd2 Bxc3 11. Nxc3 O-O 12. Bg2 Nxd4 13. Qxd4 Ne4 14.
Rc1 Nxc3 15. Qxc3 Qxa2 16. Ra1 d4 17. Qxd4 Qxb3 18. O-O Bf5 19. Qc5 g6 20. Bd5
Qb2 21. e4 Bh3 22. Rfb1 Qe2 23. Bxb7 Rad8 24. e5 Rfe8 25. Re1 1/2-1/2

[Event "2nd 4NCL Spring Bank Holiday Congress"]
[Site "Basingstoke"]
[Date "2019.05.26"]
[Round "5.7"]
[White "Mladek, Richard"]
[Black "Seymour, Timothy P"]
[Result "1-0"]
[WhiteElo "2268"]
[BlackElo "2130"]
[PlyCount "69"]
[EventDate "2019.05.24"]

1. e4 e5 2. Nf3 Nc6 3. Bb5 g6 4. O-O Bg7 5. c3 a6 6. Ba4 Nge7 7. d4 exd4 8.
cxd4 O-O 9. d5 Na5 10. Nbd2 c5 11. Rb1 b5 12. Bc2 d6 13. b3 Bd7 14. Re1 Nc8 15.
Nf1 b4 16. Bd3 Bb5 17. Bb2 Na7 18. Bxg7 Kxg7 19. Re3 Rc8 20. Ng3 Bxd3 21. Qxd3
Nb5 22. Nd2 Qf6 23. e5 dxe5 24. Rbe1 Rfe8 25. Nf3 c4 26. Qe4 cxb3 27. Qxb4 Nc4
28. Re4 Nbd6 29. Rg4 Kh8 30. axb3 e4 31. Nxe4 Qb2 32. Nxd6 Nxd6 33. Qxd6 Rc1
34. Rge4 Rxe4 35. Qf8# 1-0

[Event "2nd 4NCL Spring Bank Holiday Congress"]
[Site "Basingstoke"]
[Date "2019.05.26"]
[Round "5.8"]
[White "Merriman, John"]
[Black "Xian, Junhao"]
[Result "1-0"]
[WhiteElo "2225"]
[BlackElo "2044"]
[PlyCount "73"]
[EventDate "2019.05.24"]

1. d4 f5 2. g3 Nf6 3. Bg2 g6 4. Nh3 Bg7 5. c3 e6 6. Nd2 d5 7. Nf4 c5 8. Nf3 Nc6
9. Nd3 cxd4 10. cxd4 Ne4 11. O-O O-O 12. e3 b6 13. Re1 a5 14. Bf1 g5 15. Nd2
Ba6 16. f3 Nd6 17. a3 Kh8 18. Kh1 Qe8 19. b3 Qh5 20. Nf2 Bxf1 21. Nxf1 e5 22.
Bb2 exd4 23. exd4 Nb5 24. Re3 f4 25. g4 Qh4 26. Re2 Rae8 27. Rd2 a4 28. bxa4
Nd6 29. Bc3 Ne4 30. fxe4 dxe4 31. Nxe4 Rxe4 32. Qf3 Rfe8 33. d5 Nd4 34. Bxd4
Rxd4 35. Rxd4 Bxd4 36. Rd1 Re1 37. Rxd4 1-0

[Event "2nd 4NCL Spring Bank Holiday Congress"]
[Site "Basingstoke"]
[Date "2019.05.26"]
[Round "5.9"]
[White "Goodger, Martyn"]
[Black "Okhai, Shabir"]
[Result "0-1"]
[WhiteElo "2043"]
[BlackElo "2082"]
[PlyCount "56"]
[EventDate "2019.05.24"]

1. e4 e5 2. Nf3 Nc6 3. Bc4 Bc5 4. c3 Nf6 5. Qe2 d6 6. d3 a6 7. Bb3 Ba7 8. Nbd2
h6 9. Nf1 Be6 10. h3 Qd7 11. Ng3 O-O 12. Nh4 d5 13. Qf3 Qd8 14. Ngf5 Kh7 15. g4
dxe4 16. dxe4 g6 17. Nxg6 fxg6 18. Bxe6 gxf5 19. Qxf5+ Kg7 20. g5 Nh7 21. gxh6+
Kh8 22. Qg4 Qf6 23. Qg7+ Qxg7 24. hxg7+ Kxg7 25. Rg1+ Kh8 26. Rg2 Rf6 27. Be3
Bxe3 28. fxe3 Rxe6 0-1

[Event "2nd 4NCL Spring Bank Holiday Congress"]
[Site "Basingstoke"]
[Date "2019.05.26"]
[Round "5.10"]
[White "Royal, Shreyas"]
[Black "Villiers, Thomas"]
[Result "0-1"]
[WhiteElo "1993"]
[BlackElo "2195"]
[PlyCount "200"]
[EventDate "2019.05.24"]

1. d4 Nf6 2. c4 e5 3. dxe5 Ng4 4. Nf3 Nc6 5. Bf4 Bb4+ 6. Nbd2 Qe7 7. e3 Ngxe5
8. Be2 Nxf3+ 9. Bxf3 Ne5 10. Be2 O-O 11. O-O Ng6 12. Bg3 Bd6 13. Bxd6 Qxd6 14.
Nf3 Qxd1 15. Rfxd1 d6 16. Rac1 b6 17. b4 a5 18. b5 Bb7 19. Nd4 Ne5 20. f4 Nd7
21. Bf3 Bxf3 22. gxf3 Nc5 23. e4 Rae8 24. Nc6 Ne6 25. f5 Nf4 26. Kf2 g6 27. Ke3
Nh5 28. Rd5 Nf6 29. Rd4 gxf5 30. Kf4 fxe4 31. fxe4 Nd7 32. Rd5 Nc5 33. e5 dxe5+
34. Nxe5 Re7 35. Rcd1 Rfe8 36. Kf5 Ne6 37. Ng4 Ng7+ 38. Kf4 Re4+ 39. Kf3 Kh8
40. Nf6 Re3+ 41. Kf4 R8e6 42. Rd8+ Ne8 43. Rxe8+ Rxe8 44. Nxe8 Rxe8 45. Rd7 Re2
46. Rxc7 Rxa2 47. Kg3 Kg7 48. Rc6 Rc2 49. Rxb6 Rxc4 50. Ra6 a4 51. b6 Rb4 52.
b7 Rxb7 53. Rxa4 Rb3+ 54. Kg4 Kg6 55. Ra8 h5+ 56. Kf4 Rh3 57. Ra6+ f6 58. Ra2
Rh4+ 59. Kg3 Rg4+ 60. Kf3 Kg5 61. Ra5+ f5 62. Ra8 Rf4+ 63. Kg3 Rg4+ 64. Kf3
Rf4+ 65. Kg3 h4+ 66. Kg2 Rb4 67. Ra2 Rb3 68. Ra4 Re3 69. Rb4 Re4 70. Rb2 Kg4
71. Rb3 Re2+ 72. Kg1 f4 73. Ra3 Re3 74. Ra2 Kh3 75. Ra4 Kg4 76. Ra2 Rb3 77. Kg2
h3+ 78. Kf2 Rb1 79. Ra8 Rb2+ 80. Kg1 Rg2+ 81. Kh1 Re2 82. Kg1 Kf3 83. Ra3+ Re3
84. Ra1 Rd3 85. Rf1+ Ke2 86. Rf2+ Ke3 87. Rf1 Rd2 88. Re1+ Re2 89. Kf1 f3 90.
Ra1 Rxh2 91. Ra3+ Kf4 92. Ra8 Rg2 93. Rf8+ Ke4 94. Re8+ Kd5 95. Rd8+ Ke6 96.
Re8+ Kd7 97. Rh8 h2 98. Rh7+ Ke6 99. Rh6+ Kf7 100. Rh3 Rg1+ 0-1

[Event "2nd 4NCL Spring Bank Holiday Congress"]
[Site "Basingstoke"]
[Date "2019.05.26"]
[Round "5.11"]
[White "Verma, Aditya"]
[Black "Akeya-Price, Robert A"]
[Result "1-0"]
[WhiteElo "2103"]
[BlackElo "1962"]
[PlyCount "83"]
[EventDate "2019.05.24"]

1. e4 c6 2. d4 d5 3. e5 c5 4. c3 Nc6 5. Be3 Bf5 6. Nf3 cxd4 7. Nxd4 Nxd4 8.
cxd4 a6 9. Nc3 e6 10. Qa4+ Ke7 11. Qb4+ Ke8 12. Qxb7 Be7 13. Bxa6 Rb8 14. Bb5+
Kf8 15. Qa6 f6 16. O-O fxe5 17. dxe5 Nh6 18. Rad1 Ng4 19. Bd4 h5 20. Bd3 Ra8
21. Qc6 Rc8 22. Qb5 Rb8 23. Qa4 Rb4 24. Qa7 g6 25. Ne2 h4 26. Nf4 Kf7 27. a3
Rb3 28. Bxf5 gxf5 29. h3 Nh6 30. Qa4 Qb8 31. Rc1 Qb7 32. Qc6 Qxc6 33. Rxc6 Rg8
34. Kh1 Ra8 35. Nxe6 Ra4 36. Rd1 Ng8 37. Nf4 Bg5 38. e6+ Ke7 39. Nxd5+ Kd8 40.
Bb6+ Ke8 41. Rc8+ Bd8 42. Rxd8# 1-0

[Event "2nd 4NCL Spring Bank Holiday Congress"]
[Site "Basingstoke"]
[Date "2019.05.26"]
[Round "5.12"]
[White "Goater, Kevin P"]
[Black "Chapman, Matt"]
[Result "1-0"]
[WhiteElo "2084"]
[BlackElo "1961"]
[PlyCount "43"]
[EventDate "2019.05.24"]

1. d4 d5 2. Nc3 Nf6 3. Bf4 c5 4. e3 a6 5. dxc5 Nc6 6. Nf3 e6 7. Na4 Bxc5 8.
Nxc5 Qa5+ 9. c3 Qxc5 10. h3 O-O 11. Bd3 b6 12. O-O a5 13. Rc1 Qe7 14. Bg5 Ba6
15. Bxa6 Rxa6 16. Qa4 Qb7 17. Bxf6 gxf6 18. Qf4 Qe7 19. Rfd1 Ne5 20. Nxe5 fxe5
21. Qxe5 Rc8 22. Rxd5 1-0

[Event "2nd 4NCL Spring Bank Holiday Congress"]
[Site "Basingstoke"]
[Date "2019.05.26"]
[Round "5.13"]
[White "Ther, Mate"]
[Black "Tambini, Jasper"]
[Result "1-0"]
[WhiteElo "1935"]
[BlackElo "2066"]
[PlyCount "57"]
[EventDate "2019.05.24"]

1. e4 e5 2. Nf3 Nc6 3. Nc3 Nf6 4. Bb5 Bb4 5. O-O O-O 6. d3 d6 7. Bg5 Bxc3 8.
bxc3 Qe7 9. Qe2 Nd8 10. d4 Ne6 11. Bd2 c6 12. Bd3 Nd7 13. g3 Qf6 14. Be3 Re8
15. Kg2 Ndf8 16. Qd2 Ng6 17. d5 cxd5 18. exd5 e4 19. Bxe4 Nef4+ 20. Bxf4 Nxf4+
21. Qxf4 Qxf4 22. Bxh7+ Kxh7 23. gxf4 Bf5 24. Rfe1 Bxc2 25. Rac1 Be4 26. Rxe4
Rxe4 27. Ng5+ Kg6 28. Nxe4 Kf5 29. Kf3 1-0

[Event "2nd 4NCL Spring Bank Holiday Congress"]
[Site "Basingstoke"]
[Date "2019.05.26"]
[Round "5.14"]
[White "Bhatia, Kanwal K"]
[Black "Goh, Zi Han"]
[Result "1-0"]
[WhiteElo "2046"]
[BlackElo "1912"]
[PlyCount "59"]
[EventDate "2019.05.24"]

1. e4 c5 2. c3 Nf6 3. e5 Nd5 4. d4 cxd4 5. Nf3 Nc6 6. cxd4 d6 7. Bc4 e6 8. O-O
Be7 9. a3 O-O 10. Nbd2 dxe5 11. dxe5 b6 12. Re1 Bb7 13. Nf1 Rc8 14. Ba2 Na5 15.
Qe2 Qc7 16. Bd2 Qc2 17. Nd4 Qxb2 18. Qd3 Rfd8 19. Reb1 Nf4 20. Bxf4 Qxd4 21.
Qg3 Rc3 22. Ne3 Rxa3 23. Bh6 g6 24. Bg5 Bxg5 25. Qxg5 Rd3 26. h4 Qe4 27. Re1 h6
28. Qg3 R8d4 29. Bb1 Rd1 30. Bxe4 1-0

[Event "2nd 4NCL Spring Bank Holiday Congress"]
[Site "Basingstoke"]
[Date "2019.05.26"]
[Round "5.15"]
[White "Skettos, Nicolas"]
[Black "Jamroz, Krzysztof"]
[Result "1/2-1/2"]
[WhiteElo "1830"]
[BlackElo "1971"]
[PlyCount "83"]
[EventDate "2019.05.24"]

1. e4 c5 2. Nf3 e6 3. d4 cxd4 4. Nxd4 a6 5. c4 Nf6 6. Nc3 Bb4 7. Qd3 Qc7 8. a3
Bxc3+ 9. bxc3 Nc6 10. Be2 O-O 11. O-O Ne5 12. Qg3 Nxe4 13. Qe3 f5 14. f3 Nf6
15. Qf4 d6 16. Nc2 Bd7 17. Ne3 Rac8 18. a4 Nf7 19. Qd4 e5 20. Qd2 f4 21. Nd5
Nxd5 22. Qxd5 Qc5+ 23. Qxc5 Rxc5 24. Ba3 Ra5 25. Bd1 Bxa4 26. Bb4 Bxd1 27. Bxa5
Be2 28. Rfb1 Bxc4 29. Rxb7 Rc8 30. Rab1 Bb5 31. c4 Bxc4 32. Rb8 Rf8 33. Bc7 Bb5
34. Rd1 Rxb8 35. Bxb8 Kf8 36. Bxd6+ Nxd6 37. Rxd6 Ke7 38. Rb6 Bc4 39. Rb7+ Kf6
40. Ra7 h6 41. Kf2 g5 42. Rh7 1/2-1/2

[Event "2nd 4NCL Spring Bank Holiday Congress"]
[Site "Basingstoke"]
[Date "2019.05.26"]
[Round "5.16"]
[White "Jaufarally, Nadia"]
[Black "Tyomkyn, Mikhail"]
[Result "1/2-1/2"]
[WhiteElo "1945"]
[BlackElo "2153"]
[PlyCount "82"]
[EventDate "2019.05.24"]

1. e4 d6 2. d4 Nf6 3. Bd3 e5 4. c3 g6 5. Nf3 Nc6 6. O-O Bg7 7. Nbd2 O-O 8. Bc2
Nh5 9. dxe5 Nxe5 10. Nxe5 dxe5 11. Nc4 Nf4 12. Be3 Qg5 13. Bxf4 exf4 14. Qd5
Qh4 15. Nd2 c6 16. Qc5 Qd8 17. Rad1 Bg4 18. f3 Be6 19. Nb3 Qb6 20. a3 Rfd8 21.
Rxd8+ Rxd8 22. Rd1 Rxd1+ 23. Bxd1 Bf8 24. Qxb6 axb6 25. Nd4 Bd7 26. Kf2 c5 27.
Ne2 g5 28. c4 Bg7 29. Nc3 Kf8 30. Ke2 h5 31. Kd3 f5 32. b3 Bxc3 33. Kxc3 fxe4
34. fxe4 h4 35. h3 Ke7 36. Bf3 Ke6 37. Bg4+ Ke7 38. Bxd7 Kxd7 39. Kd3 g4 40.
Ke2 f3+ 41. gxf3 g3 1/2-1/2

[Event "2nd 4NCL Spring Bank Holiday Congress"]
[Site "Basingstoke"]
[Date "2019.05.26"]
[Round "5.17"]
[White "Jones, Steven A"]
[Black "Gibson, Christopher A"]
[Result "1-0"]
[WhiteElo "2128"]
[BlackElo "1846"]
[PlyCount "65"]
[EventDate "2019.05.24"]

1. e4 e5 2. Nf3 Nc6 3. Bc4 Nf6 4. d4 exd4 5. e5 d5 6. Bb5 Ne4 7. Nxd4 Bc5 8.
Be3 O-O 9. Nxc6 bxc6 10. Bxc5 Nxc5 11. Bxc6 Rb8 12. Qxd5 Qe7 13. O-O Rxb2 14.
Nc3 Rxc2 15. Qd4 Rd8 16. Nd5 Qf8 17. Rac1 Rxc1 18. Rxc1 Ne6 19. Qxa7 Bd7 20.
Bxd7 Rxd7 21. Ne3 Qd8 22. Rb1 Qg5 23. Qa8+ Nd8 24. Qe4 h6 25. a4 Ne6 26. Rb8+
Rd8 27. h4 Qe7 28. Rxd8+ Qxd8 29. a5 c5 30. a6 Qa5 31. Qa8+ Kh7 32. a7 Nc7 33.
Qb8 1-0

[Event "2nd 4NCL Spring Bank Holiday Congress"]
[Site "Basingstoke"]
[Date "2019.05.26"]
[Round "5.18"]
[White "Woltery, Nicolai"]
[Black "Nettleton, Charlie B"]
[Result "0-1"]
[WhiteElo "1899"]
[BlackElo "2064"]
[PlyCount "62"]
[EventDate "2019.05.24"]

1. d4 d5 2. c4 e6 3. Nc3 c6 4. e3 Bd6 5. Nf3 f5 6. Bd3 Nf6 7. O-O O-O 8. c5 Bc7
9. b4 Nbd7 10. g3 Ne4 11. Qc2 Qe8 12. Re1 Qh5 13. Be2 Qh6 14. Kg2 e5 15. Bb2
exd4 16. exd4 Ndf6 17. Bc1 f4 18. Rh1 Bh3+ 19. Kg1 Rae8 20. Ne5 Nxc3 21. Qxc3
Ne4 22. Qf3 Bxe5 23. dxe5 fxg3 24. hxg3 Rxf3 25. Bxh6 Rxf2 26. Rxh3 Rxe2 27.
Bf4 g5 28. Bc1 Rf8 29. Rh5 Re1+ 30. Kg2 g4 31. Bb2 Rf2# 0-1

[Event "2nd 4NCL Spring Bank Holiday Congress"]
[Site "Basingstoke"]
[Date "2019.05.26"]
[Round "5.19"]
[White "Lubarto, Michael"]
[Black "Moore, Gerald"]
[Result "1/2-1/2"]
[WhiteElo "1883"]
[BlackElo "2057"]
[PlyCount "95"]
[EventDate "2019.05.24"]

1. e4 c5 2. Nf3 e6 3. c3 Nf6 4. e5 Nd5 5. d4 cxd4 6. Nxd4 Qc7 7. f4 a6 8. Nf5
b5 9. Nd6+ Bxd6 10. exd6 Qxd6 11. a4 Bb7 12. axb5 axb5 13. Rxa8 Bxa8 14. Na3
O-O 15. Nxb5 Qb6 16. Qd4 Qxd4 17. Nxd4 Nc6 18. Nb5 Rb8 19. Rg1 Na5 20. g3 Nb3
21. Bd2 Bc6 22. c4 Bxb5 23. cxb5 Nd4 24. Kf2 Nxb5 25. Bxb5 Rxb5 26. Rb1 Kf8 27.
b4 Ke7 28. Ke2 f6 29. Kd3 Kd6 30. Kc4 Kc6 31. Ra1 Nb6+ 32. Kc3 Kb7 33. Kb3 d5
34. Bc3 Nc4 35. Bd4 e5 36. Bc5 Nd2+ 37. Kc3 Ne4+ 38. Kd3 Nxc5+ 39. bxc5 Rxc5
40. fxe5 fxe5 41. Re1 d4 42. Ke4 Rc8 43. Rb1+ Kc6 44. Kxe5 d3 45. Ke4 d2 46.
Ke3 Rb8 47. Rd1 Rb3+ 48. Ke2 1/2-1/2

[Event "2nd 4NCL Spring Bank Holiday Congress"]
[Site "Basingstoke"]
[Date "2019.05.26"]
[Round "5.20"]
[White "Vaidya, Raghav"]
[Black "Purdon, Colin"]
[Result "1/2-1/2"]
[WhiteElo "1472"]
[BlackElo "2055"]
[PlyCount "49"]
[EventDate "2019.05.24"]

1. e4 c6 2. d4 d5 3. e5 c5 4. Nf3 Nc6 5. c3 Bg4 6. Be2 Bxf3 7. Bxf3 cxd4 8.
cxd4 e6 9. Be3 Nge7 10. Bg4 Ng6 11. O-O Be7 12. Nc3 O-O 13. Qd2 Na5 14. b3 Rc8
15. Rac1 Ba3 16. Rc2 Qc7 17. Be2 Bb4 18. Rfc1 Qd7 19. Qd1 Nc6 20. Nb1 a6 21. a3
Be7 22. b4 f5 23. f4 Na7 24. Nc3 b5 25. Qf1 1/2-1/2

[Event "2nd 4NCL Spring Bank Holiday Congress"]
[Site "Basingstoke"]
[Date "2019.05.26"]
[Round "5.21"]
[White "Voiculescu-Holvad, Stefan"]
[Black "Jukes, Sam"]
[Result "0-1"]
[WhiteElo "1640"]
[BlackElo "1860"]
[PlyCount "136"]
[EventDate "2019.05.24"]

1. d4 Nf6 2. c4 e6 3. g3 d5 4. Nf3 Be7 5. Bg2 O-O 6. O-O Nbd7 7. Qc2 c6 8. Nbd2
b6 9. b3 Bb7 10. Bb2 Qb8 11. Rac1 Rc8 12. Qb1 a5 13. a3 Qa7 14. e4 Ba6 15. Rfe1
Nxe4 16. Nxe4 dxe4 17. Qxe4 Nf6 18. Qc2 Nd7 19. Qd2 Bf6 20. Rcd1 Rd8 21. Qc1
Rac8 22. Ng5 Nf8 23. Ne4 Be7 24. Qa1 a4 25. d5 exd5 26. cxd5 cxd5 27. Nc3 Bf6
28. Nxd5 Bxb2 29. Qxb2 axb3 30. Ne7+ Qxe7 31. Rxe7 Rxd1+ 32. Bf1 Bxf1 33. Qxb3
Be2+ 34. Kg2 Bh5 35. g4 Rdc1 36. gxh5 Ne6 37. Rxe6 fxe6 38. Qxe6+ Kh8 39. Qxb6
R1c6 40. Qe3 Rc3 41. Qe5 h6 42. Qe7 R3c5 43. Qf7 Ra5 44. Qd7 Rca8 45. Qb7 Rxa3
46. Qb4 R3a5 47. Qb7 Rg5+ 48. Kh3 Rxh5+ 49. Kg4 Rg5+ 50. Kf3 Rf8+ 51. Ke2 Rgf5
52. Qb6 Kh7 53. Kf1 R8f6 54. Qe3 Rxf2+ 55. Qxf2 Kg6 56. Kg2 Rxf2+ 57. Kxf2 Kh5
58. Kg3 Kg5 59. Kh3 Kf4 60. Kg2 Kg4 61. h3+ Kf4 62. Kf2 h5 63. Kg2 h4 64. Kf2
g6 65. Kg2 Ke3 66. Kh2 Kf2 67. Kh1 Kg3 68. Kg1 Kxh3 0-1

[Event "2nd 4NCL Spring Bank Holiday Congress"]
[Site "Basingstoke"]
[Date "2019.05.26"]
[Round "5.22"]
[White "Freeland, Alexander"]
[Black "Chakanyuka, Charles"]
[Result "0-1"]
[WhiteElo "2046"]
[BlackElo "2034"]
[PlyCount "62"]
[EventDate "2019.05.24"]

1. d4 Nf6 2. c4 g6 3. Nc3 Bg7 4. e4 d6 5. f3 O-O 6. Be3 e5 7. Nge2 Nc6 8. d5
Na5 9. Ng3 c5 10. dxc6 bxc6 11. Be2 Be6 12. b3 c5 13. O-O Nc6 14. Qd2 Nd4 15.
h3 Ne8 16. Nb5 f5 17. Bg5 Qd7 18. exf5 gxf5 19. Nh5 Rf7 20. f4 h6 21. Nxg7 Kxg7
22. Bh4 Nf6 23. Bd3 Nxb5 24. cxb5 e4 25. Bc2 d5 26. a4 d4 27. Bxf6+ Rxf6 28. g4
d3 29. g5 Qd4+ 30. Kh2 Rg6 31. gxh6+ Kh7 0-1

[Event "2nd 4NCL Spring Bank Holiday Congress"]
[Site "Basingstoke"]
[Date "2019.05.26"]
[Round "5.23"]
[White "Chilton, James I"]
[Black "Zhu, Yaoyao"]
[Result "0-1"]
[WhiteElo "1728"]
[BlackElo "1839"]
[PlyCount "90"]
[EventDate "2019.05.24"]

1. d4 f5 2. c4 Nf6 3. Nc3 e6 4. Nf3 d5 5. Bf4 c6 6. e3 Be7 7. Be2 O-O 8. O-O
Nh5 9. Bxb8 Rxb8 10. Ne5 Nf6 11. f4 Qe8 12. Rf3 dxc4 13. Bxc4 b5 14. Bb3 c5 15.
Rc1 c4 16. Bc2 Bb7 17. Rh3 Bd6 18. b3 b4 19. Nxc4 Qc6 20. d5 exd5 21. Nxd6 Qxd6
22. Nb5 Qb6 23. Nd4 g6 24. Qe1 Rbc8 25. Qh4 Rf7 26. Rf1 Re8 27. Rff3 Ng4 28.
Bxf5 gxf5 29. Nxf5 Qg6 30. Nh6+ Qxh6 31. Qxg4+ Qg6 32. Qh4 Kh8 33. Rhg3 Qb1+
34. Rf1 Qe4 35. Qh5 Qf5 36. Rg5 Qf6 37. f5 d4 38. Rg6 Qd8 39. Rd6 Qxd6 40. Qxf7
Qc6 41. Rf3 dxe3 42. f6 Rg8 43. Kf1 Qc1+ 44. Ke2 Qd2+ 45. Kf1 Qd1# 0-1

[Event "2nd 4NCL Spring Bank Holiday Congress"]
[Site "Basingstoke"]
[Date "2019.05.26"]
[Round "5.24"]
[White "Tart, Peter K"]
[Black "Simpson, Derek"]
[Result "1/2-1/2"]
[WhiteElo "1944"]
[BlackElo "1655"]
[PlyCount "95"]
[EventDate "2019.05.24"]

1. e4 e6 2. d4 d5 3. exd5 exd5 4. Bd3 Nc6 5. c3 Bd6 6. Qf3 Nge7 7. Ne2 Be6 8.
Bf4 Ng6 9. Bxd6 Qxd6 10. Nd2 Nce7 11. O-O-O O-O-O 12. Rde1 Qd7 13. Nf4 Nxf4 14.
Qxf4 Ng6 15. Bxg6 fxg6 16. Nf3 Rhf8 17. Qd2 Rde8 18. b3 Qf7 19. Rhf1 Qf4 20.
Qxf4 Rxf4 21. Ng5 Bd7 22. Rxe8+ Bxe8 23. g3 Rf5 24. f4 h6 25. Nf3 g5 26. fxg5
hxg5 27. g4 Rf4 28. h3 Bb5 29. Rf2 Bd3 30. Kd2 Be4 31. Ke3 Rxf3+ 32. Rxf3 Bxf3
33. Kxf3 Kd7 34. Kg3 Ke6 35. h4 Kd6 36. hxg5 g6 37. Kf4 c6 38. c4 b6 39. Ke3 c5
40. Kd3 Kc6 41. cxd5+ Kxd5 42. dxc5 Kxc5 43. Ke4 Kd6 44. Kd4 a6 45. b4 Ke6 46.
a3 Kd6 47. a4 Ke6 48. Ke4 1/2-1/2

[Event "2nd 4NCL Spring Bank Holiday Congress"]
[Site "Basingstoke"]
[Date "2019.05.26"]
[Round "5.25"]
[White "Forster, Matthew"]
[Black "Ross, Stuart"]
[Result "1-0"]
[WhiteElo "1861"]
[BlackElo "1599"]
[PlyCount "35"]
[EventDate "2019.05.24"]

1. c4 Nf6 2. g3 e6 3. Bg2 d5 4. Nf3 Be7 5. O-O O-O 6. d4 dxc4 7. Qc2 a6 8. a4
c5 9. dxc5 Qc7 10. Bf4 Qxc5 11. Nbd2 Bd6 12. Be3 Qc7 13. Nxc4 Nd5 14. Bd2 Nd7
15. Rfc1 N5b6 16. Nxd6 Qxd6 17. e4 e5 18. a5 1-0

[Event "2nd 4NCL Spring Bank Holiday Congress"]
[Site "Basingstoke"]
[Date "2019.05.26"]
[Round "4.1"]
[White "Eggleston, David J"]
[Black "Jackson, James P"]
[Result "0-1"]
[WhiteElo "2397"]
[BlackElo "2388"]
[PlyCount "88"]
[EventDate "2019.05.24"]

1. e4 e5 2. Nf3 Nc6 3. Bc4 Nf6 4. d3 Be7 5. O-O O-O 6. Re1 d6 7. a4 Kh8 8. c3
Ng8 9. d4 f5 10. dxe5 fxe4 11. Rxe4 Rxf3 12. gxf3 Nxe5 13. Bf4 Nxc4 14. Rxc4
Bh3 15. Na3 c6 16. Rd4 d5 17. Nc2 Bc5 18. Rd2 Qf6 19. Bg3 h5 20. b4 Be7 21. Rd4
Qg6 22. Ne3 h4 23. Ng4 hxg3 24. hxg3 Bxg4 25. Rxg4 Qf5 26. Kg2 Nh6 27. Rf4 Qg6
28. Qb1 Kh7 29. Qxg6+ Kxg6 30. Rd4 Bf6 31. Rd3 Nf7 32. f4 Nd6 33. a5 Re8 34. a6
b5 35. g4 Re4 36. Kg3 Rc4 37. f3 Rxc3 38. Rxc3 Bxc3 39. Rc1 d4 40. Kf2 Nc4 41.
Rh1 d3 42. f5+ Kf7 43. Rh8 d2 44. Ke2 Nb2 0-1

[Event "2nd 4NCL Spring Bank Holiday Congress"]
[Site "Basingstoke"]
[Date "2019.05.26"]
[Round "4.2"]
[White "Seymour, Timothy P"]
[Black "Bukojemski, Adam"]
[Result "0-1"]
[WhiteElo "2130"]
[BlackElo "2182"]
[PlyCount "106"]
[EventDate "2019.05.24"]

1. d4 Nf6 2. Nf3 d6 3. c4 Bg4 4. Qd3 Nbd7 5. Nbd2 e5 6. e4 exd4 7. Qxd4 Qe7 8.
Bd3 Ne5 9. Bc2 g6 10. O-O Bg7 11. Qe3 O-O 12. Nxe5 dxe5 13. c5 Nd7 14. b4 a5
15. bxa5 Qxc5 16. Qxc5 Nxc5 17. Ba3 Rfd8 18. Nc4 Be2 19. Bxc5 Bxc4 20. Rfd1
Rxd1+ 21. Rxd1 Bf8 22. Be3 Rxa5 23. Bb3 Bxb3 24. axb3 Ra3 25. Rb1 Bb4 26. Bh6
f6 27. h4 Kf7 28. Rd1 Ke7 29. Rd3 Bc5 30. Rc3 b6 31. g4 Kd7 32. g5 fxg5 33.
Bxg5 Bd4 34. Rd3 c5 35. Rf3 Ke8 36. Kg2 b5 37. Bc1 Ra2 38. Be3 Ra7 39. h5 gxh5
40. Kh3 Bxe3 41. Rxe3 Ke7 42. Kh4 Kd6 43. Rd3+ Ke6 44. Kxh5 c4 45. bxc4 bxc4
46. Rc3 Rc7 47. Kg4 Kd6 48. f4 Kc5 49. fxe5 Kd4 50. Rc1 Kxe5 51. Kf3 c3 52. Ke3
c2 53. Kd3 h5 0-1

[Event "2nd 4NCL Spring Bank Holiday Congress"]
[Site "Basingstoke"]
[Date "2019.05.26"]
[Round "4.4"]
[White "Merry, Alan B"]
[Black "Villiers, Thomas"]
[Result "1-0"]
[WhiteElo "2440"]
[BlackElo "2195"]
[PlyCount "81"]
[EventDate "2019.05.24"]

1. e4 c5 2. Nc3 e6 3. Nge2 d5 4. exd5 exd5 5. d4 Nc6 6. g3 Bg4 7. Bg2 Nxd4 8.
h3 Bf3 9. Kf1 Nf6 10. Bxf3 Nxf3 11. Nf4 Nd4 12. Be3 Bd6 13. Bxd4 cxd4 14. Qxd4
Bxf4 15. Re1+ Kf8 16. Qxf4 Qb6 17. Kg2 Rd8 18. Na4 Qc6 19. Qb4+ Kg8 20. Qd4 h5
21. Re7 Rh6 22. Rhe1 Rc8 23. Nc3 b5 24. Rxa7 b4 25. Ne2 Qxc2 26. Rc1 Qf5 27.
Qf4 Qe6 28. Nd4 Qe8 29. Rxc8 Qxc8 30. Nf5 Qd8 31. Nxh6+ gxh6 32. Qxh6 d4 33.
Qg5+ Kf8 34. Ra6 Qd5+ 35. Qxd5 Nxd5 36. Rd6 Nc3 37. bxc3 bxc3 38. Rxd4 c2 39.
Rc4 c1=R 40. Rxc1 Kg7 41. a4 1-0

[Event "2nd 4NCL Spring Bank Holiday Congress"]
[Site "Basingstoke"]
[Date "2019.05.26"]
[Round "4.5"]
[White "Hebden, Mark L"]
[Black "Verma, Aditya"]
[Result "1-0"]
[WhiteElo "2433"]
[BlackElo "2103"]
[PlyCount "51"]
[EventDate "2019.05.24"]

1. d4 d5 2. c4 c6 3. Nf3 Nf6 4. e3 e6 5. Bd3 Nbd7 6. b3 a6 7. O-O Be7 8. Nbd2
O-O 9. e4 dxe4 10. Nxe4 c5 11. Nxc5 Nxc5 12. dxc5 Bxc5 13. Bb2 b6 14. Ng5 h6
15. Bxf6 Qxf6 16. Nh7 Qe7 17. Nxf8 Kxf8 18. Qf3 Ra7 19. Rad1 f5 20. Rfe1 Qf6
21. Qg3 Re7 22. Be2 Bd7 23. Bh5 g5 24. Qc7 Qc3 25. Rf1 Be8 26. Qb8 1-0

[Event "2nd 4NCL Spring Bank Holiday Congress"]
[Site "Basingstoke"]
[Date "2019.05.26"]
[Round "4.6"]
[White "Harvey, Marcus R"]
[Black "Goater, Kevin P"]
[Result "1-0"]
[WhiteElo "2412"]
[BlackElo "2084"]
[PlyCount "119"]
[EventDate "2019.05.24"]

1. d4 g6 2. e4 Bg7 3. Nf3 d5 4. e5 c6 5. Be2 Bg4 6. O-O Nd7 7. Nbd2 e6 8. h3
Bxf3 9. Nxf3 Ne7 10. Bf4 h6 11. Qd2 g5 12. Bh2 Ng6 13. Bd3 Ndf8 14. a4 Ne7 15.
a5 a6 16. Qb4 Qc7 17. Nd2 Nfg6 18. Nb3 O-O 19. Nc5 Rfb8 20. Qb6 Qxb6 21. axb6
Nf8 22. Ra3 Nc8 23. Rb3 a5 24. Ra1 Kh8 25. Ra4 Kg8 26. Kf1 Kh8 27. Ke2 Kg8 28.
g4 Kh8 29. Bg3 Kg8 30. h4 Ne7 31. h5 Nc8 32. Kf1 Kh8 33. Kg2 Kg8 34. f3 Bh8 35.
f4 gxf4 36. Bxf4 Bg7 37. c3 Ne7 38. Rba3 Nc8 39. Rxa5 Nxb6 40. Ra7 Rxa7 41.
Rxa7 Nfd7 42. Rxb7 Bf8 43. Rxb8 Nxb8 44. g5 hxg5 45. Bxg5 Bxc5 46. dxc5 N6d7
47. h6 Nf8 48. b4 Nbd7 49. Bf4 Ng6 50. Bxg6 fxg6 51. b5 cxb5 52. c6 Nb6 53. Kf3
d4 54. cxd4 Nd5 55. Bd2 Kh7 56. Ke2 b4 57. Kd1 Nc7 58. Kc2 Nb5 59. Kb2 b3 60.
Be3 1-0